000 00724nam a2200217 a 4500
005 20250402063806.0
008 041025s1993 mx r 000 0 spa d
020 _a9706250263
035 _aUPN01000135984
049 _aCG
050 4 _aZ674.4
_bG4.2
100 1 _aGennaro, Richard de
245 1 0 _aBibliotecas, la tecnología y el mercado de la información /
_cRichard de Gennaro.
260 _aMéxico :
_bIberoamérica,
_c1993.
300 _a333 p.
534 _pTraducción de:
_tLibraries, technology and the information marketplace
650 4 _aServicios de información
_97892
650 4 _aBIBLIOTECOLOGIA -
_xPROCESAMIENTO DE DATOS
_93888
650 4 _aBibliotecas
_xAutomatización
_98828
905 _aLibro
999 _c108135
_d108135